000 01587nam0a2200289 4500
001 RU\NLR\bibl\736024
005 20260406181009.0
035 _a(NLR Aleph) 000725946
090 _a732325
_c732325
100 _a20050316d2005 |||y0rusy50 ca
101 0 _arus
102 _aRU
105 _ay |||||||||
200 1 _aПатофизиология системы крови
_e(учеб. пособие)
_eдля студентов мед. вузов
_fМ-во здравоохранения РФ, Ом. гос. мед. акад., Каф. патофизиологии с курсом клинич. патофизиологии
_g[В.Т. Долгих и др.]
_gПод ред. проф. В.Т. Долгих
210 _aОмск
_cБ.и.
_d2005
215 _a127 с.
_d20
320 _aБиблиогр.: с. 123-125 (42 назв.)
606 0 _aКровь
_jУчебные издания для высших учебных заведений
_xБолезни
_xПатологическая физиология
_92257138
_3RU\NLR\auth\661353583
686 _aР411-2я73
702 1 _7ca
_8rus
_aДолгих
_bВ. Т.
_gВладимир Терентьевич
_9113683
_3RU\NLR\auth\773690
712 0 2 _4570
_aОмская государственная медицинская академия
_bКафедра патофизиологии с курсом клинической патофизиологии
_9386779
_3RU\NLR\AUTH\889945678
801 0 _aRU
_bNLR
_c20050316
_gPSBO
801 1 _aRU
_bNLR
_c20050316
830 _aАвт. по ЭК
942 _cBOOK
980 _aNB